000
00272nam a2200097Ia 4500
001
642506
005
20250826153528.0
008
250824s9999 xx 000 0 und d
245
0
_a
SAVAŞ VE BARIŞ ANTİK DÜNYA KLASİKLERİ
_c
TOLSTOY
260
_b
ANTİK DÜNYA KLASİKLERİ
999
_c
642506
_d
642506